banner koha

Phenological synchronicity of Byrsonima pachyphylla A. JUSS. and B. verbascifolia (L.) DC. (Malpighiaceae) and its relation with climate seasonality (Registro n. 338505)

MARC details
000 -LÍDER
fixed length control field 04624nab a2200337 4500
003 - CÓDIGO MARC DA AGÊNCIA CATALOGADORA
Campo de controle BR-BrBNA
005 - DATA E HORA DA ÚLTIMA ATUALIZAÇÃO
Campo de controle 20251001144216.0
008 - CAMPO DE TAMANHO FIXO
fixed length control field 251001b2023 bl.ar|pooa||| 00| 0 eng |
040 ## - FONTE DA CATALOGAÇÃO
Agência catalogadora BR-BrBNA
Idioma da catalogação por
072 ## - CATEGORIA AGRIS
Código AGRIS F40 ; F62 ; K10 ; P40
100 ## - ENTRADA PRINCIPAL - NOME PESSOAL
Nome pessoal Meireles, Andressa Cavalcante
100 ## - ENTRADA PRINCIPAL - NOME PESSOAL
Nome pessoal Freire, Ageu da Silva Monteiro
100 ## - ENTRADA PRINCIPAL - NOME PESSOAL
Nome pessoal Ferreira, Wagner de Melo
100 ## - ENTRADA PRINCIPAL - NOME PESSOAL
Nome pessoal Viana, Rodney Haulien Oliveira
245 ## - TÍTULO PRINCIPAL
Título principal Phenological synchronicity of Byrsonima pachyphylla A. JUSS. and B. verbascifolia (L.) DC. (Malpighiaceae) and its relation with climate seasonality
500 ## - NOTA GERAL
Nota geral Summaries (En, Pt); 48 ref.; 3 illus.; 2 tables
942 ## - ADDED ENTRY ELEMENTS (KOHA)
Koha item type Analítica
520 ## - NOTA DE RESUMO
Nota de conteúdo ABSTRACT – Phenology is defined as the study of the timing of biological events and the biotic and abiotic factors that trigger them. This study reports a description of the phenology of Byrsonima pachyphylla and B. verbascifolia in an ecotonal area between the Cerrado and Amazonia biomes in the Brazilian state of Tocantins, to contribute to a better understanding of their autoecology in this region. Two populations of 15 adult individuals of each species, randomly selected in a Cerrado area in Porto Nacional, Tocantins, were surveyed for 12 months. Percentages were estimated of leaf fl ush, young, mature, and senescent leaves (vegetative phenology), flower buds, open flowers, green and ripe fruits (reproductive phenology) present in the canopy, as well as the synchrony of the reproductive phenophases. The vegetative and reproductive phenological events were seasonal and occurred mainly at the end of the dry season and during the transition from the dry to the rainy season. Considering the vegetative and reproductive phenology, B. pachyphylla was classified as “evergreen with continuous growth” and as a late-flowering species, whereas B. verbascifolia was classified as “evergreen with seasonal growth” and as an early-flowering species. The reproductive phenological activity of the species exhibited high synchrony. The results suggest that the vegetative and reproductive events are peculiar to each species and represent effective strategies for their survival in the Cerrado, which is markedly seasonal. Keywords: Murici; Phenology; Ecotone.
520 ## - NOTA DE RESUMO
Nota de conteúdo RESUMO – A fenologia estuda o período de ocorrência de eventos biológicos e o que os estimulam, em relação a fatores bióticos e abióticos. A presente investigação teve como objetivo descrever a fenologia de Byrsonima pachyphylla e de B. verbascifolia em uma área ecotonal entre os Biomas Cerrado e Amazônia no estado do Tocantins com a finalidade de contribuir para o melhor entendimento de sua autoecologia nessa região pouco estudada. Trinta indivíduos adultos de cada espécie, escolhidos aleatoriamente em área de Cerrado stricto sensu em Porto Nacional, Tocantins, foram acompanhados quinzenalmente durante doze meses. Foram estimadas as porcentagens de brotações e folhas em diferentes estágios de desenvolvimento (fenologia vegetativa), de botões florais, flores abertas, frutos verdes e maduros (fenologia reprodutiva), bem como a sincronia das fenofases reprodutivas. Os eventos fenológicos vegetativos e reprodutivos foram sazonais e ocorreram principalmente no final do período seco e início do chuvoso. A fenologia vegetativa de B. pachyphylla foi classificada como sempre verde com crescimento contínuo e sua floração como tardia, apresentando este evento principalmente no período seco. B. verbascifolia foi classificada como sempre verde com crescimento sazonal e apresentou produção de flores na transição entre o período seco e o chuvoso sendo considerada uma espécie de floração<br/>precoce. A atividade fenológica reprodutiva das espécies apresentou alta sincronia. Os resultados sugerem que os eventos vegetativos e reprodutivos são peculiares a cada espécie e estrategicamente eficientes para sua sobrevivência no Cerrado marcadamente sazonal. Palavras-Chave: Fenologia; Ecótono; Murici
650 ## - ASSUNTO - THESAGRO
Cabeçalho tópico ou nome geográfico MURICI
650 ## - ASSUNTO - THESAGRO
Cabeçalho tópico ou nome geográfico BYRSONIMA SPP.
650 ## - ASSUNTO - THESAGRO
Cabeçalho tópico ou nome geográfico FENOLOGIA
650 ## - ASSUNTO - THESAGRO
Cabeçalho tópico ou nome geográfico FISIOLOGIA VEGETAL
650 ## - ASSUNTO - THESAGRO
Cabeçalho tópico ou nome geográfico MEIO AMBIENTE
650 ## - ASSUNTO - THESAGRO
Cabeçalho tópico ou nome geográfico CLIMA
650 ## - ASSUNTO - THESAGRO
Cabeçalho tópico ou nome geográfico VARIAÇÃO SAZONAL
650 ## - ASSUNTO - THESAGRO
Cabeçalho tópico ou nome geográfico BIOTA
773 0# - ENTRADA ANALÍTICA
Host Biblionumber 812
Registro do item 346930
Imprenta Viçosa-MG Sociedade de Investigações Florestais - Universidade Federal de Viçosa. Depto. de Engenharia Florestal 1977
Outro identificador 2024-7728
Título Revista Árvore (Brazil)
ISSN 0100-6762
Colação v. 47 p. 1-11; (2023)
Número de controle de registro BR2025003776
856 ## - ACESSO E ENDEREÇO ELETRÔNICO
Identificador uniforme de recurso - URI https://www.scielo.br/j/rarv/a/YWNtfYXkmkbZB6qQgnzMh5C/?format=pdf&lang=en

Nenhum exemplar disponível.

BINAGRI

Telefone: (61)3218-2567/2388/3357/2097 - binagri@agro.gov.br

Ministério da Agricultura e Pecuária , Esplanada dos Ministérios, Bloco D, Anexo B, Brasília/DF, CEP: 70.043-900